Statistiques concernant Les stations de métro à Toulouse

Cliquez ici pour prendre le quiz!

Statistiques générales

  • Ce quiz a été pris 26 fois
  • Le résultat moyen est 17 sur 38

Statistiques - réponses

LigneRéponse% Correct
Capitole
77%
Ligne ABasso Cambo
68%
Jean Jaurès
68%
Jean Jaurès
68%
Esquirol
59%
Ramonville
59%
Balma Gramont
55%
Jeanne d'Arc
55%
La Vache
55%
Bagatelle
50%
Compans Caffarelli
50%
Patte d'Oie
50%
Ligne BBorderouge
45%
Empalot
45%
François Verdier
45%
Jolimont
45%
Université Paul Sabatier
45%
Arènes
41%
Argoulets
41%
Carmes
41%
Faculté de Pharmacie
41%
Mirail Université
41%
Saint Cyprien République
41%
Marengo SNCF
36%
Palais de Justice
36%
Rangueil
36%
Reynerie
36%
Trois Cocus
36%
Barrière de Paris
32%
Canal du Midi
32%
Saint Agne SNCF
32%
Saouzelong
32%
Bellefontaine
27%
Fontaine Lestang
27%
Mermoz
27%
Minimes Claude Nougaro
27%
Roseraie
27%
Saint Michel Marcel Langer
23%

Distribution des résultats

Percentile par nombre de réponses

% des personnes avec chaque résultat

Votre développement - résultats

Vous n’avez pas pris ce quiz